000 00553nam a2200193Ia 4500
003 OSt
005 20200804110101.0
008 190216s9999||||xx |||||||||||||| ||und||
020 _a9788120321427
040 _coclc
082 _a511.5
_bWES/I
100 _aWest, Douglas B
_93934
245 0 _aIntroduction To Graph Theory /
_cDouglas B West
250 _a2nd Ed.
260 _bPrentice Hall Of India Pvt Ltd,
_aNew Delhi:
_c2006.
300 _a588p
650 _aMathematics
942 _cBK
_2ddc
_h511.5
_iWES/I
_k511.5
_mWES/I
999 _c32114
_d32114